000
00304nam a22001457a 4500
003
SGT
020
_a
9789393702586
082
_a
340
_b
WIL
100
_a
WILLIAMS GLANVILLE
245
_a
LEARNING THE LAW
250
_a
17
260
_a
LONDON
_b
THOMPSON REUTERS
_c
2020
300
_a
289
942
_2
ddc
_c
BK
999
_c
34098
_d
34098